header

Bioinformatics (Record no. 823)

MARC details
000 -LEADER
fixed length control field 01332nam a22003374a 4500
082 04 - DEWEY DECIMAL CLASSIFICATION NUMBER
Classification number 572.8/633
100 1# - MAIN ENTRY--AUTHOR NAME
Personal name Mount, David W.
245 10 - TITLE STATEMENT
Title Bioinformatics
260 ## - PUBLICATION, DISTRIBUTION, ETC. (IMPRINT)
Place of publication Cold Spring Harbor, N.Y. :
Name of publisher Cold Spring Harbor Laboratory Press,
Year of publication c2001.
300 ## - PHYSICAL DESCRIPTION
Number of Pages xii, 564 p. :
Other physical details ill. (some col.).
650 #0 - SUBJECT ADDED ENTRY--TOPICAL TERM
Topical Term Genetics
Topical Term Bioinformatics.
Topical Term Nucleotide sequence.
Topical Term Amino acid sequence.
856 40 - ELECTRONIC LOCATION AND ACCESS
Uniform Resource Identifier http://site.ebrary.com/lib/rucke/Doc?id=10006735

No items available.

© 2026 Rongo University
Contact us: librarian | system librarian | Rongo university